| 000 | 01710 a2200229 4500 | ||
|---|---|---|---|
| 001 | TB12846 | ||
| 003 | IN-BhIIT | ||
| 005 | 20260515095753.0 | ||
| 008 | 260429b |||||||| |||| 00| 0 eng d | ||
| 020 | _a9781108445856 (pbk.) | ||
| 040 | _aIN-BhIIT | ||
| 041 | _aeng | ||
| 082 |
_a551.45 _bMUR/Q |
||
| 100 |
_aMurray-Wallace, Colin V. _eAuthor _927748 |
||
| 245 |
_aQuaternary sea-level changes : _ba global perspective / _cColin V. Murray-Wallace and Colin D. Woodroffe |
||
| 260 |
_aNew York : _bCambridge University Press, _c2018. |
||
| 300 |
_axviii, 484 p. : _bill. ; _c23 cm. |
||
| 504 | _aIncludes bibliographical references and index. | ||
| 520 | _aThere have been significant changes in sea level over the past two million years, and a complete understanding of natural cycles of change as well as anthropogenic effects is imperative for future global development. This book reviews the history of research into these sea-level changes and summarises the methods and analytical approaches used to interpret evidence for sea-level changes. It provides an overview of changing climates during the Quaternary, examines processes responsible for global variability of sea-level records, and presents detailed reviews of sea-level changes for the Pleistocene and Holocene. The book concludes by discussing current trends in sea levels and likely future sea-level changes. This is an important and authoritative resource for academic researchers and graduate and advanced undergraduate students working in tectonics, stratigraphy, geomorphology, physical geography, environmental science and other aspects of Quaternary studies. | ||
| 700 |
_aWoodroffe, Colin D. _eJoint Author _927749 |
||
| 942 | _cTB | ||
| 999 |
_c15494 _d15494 |
||